000 00468nam a2200181Ia 4500
005 20240820110525.0
008 131103s9999 xx 000 0 und d
040 _aLoreto College
041 _aEnglish
082 _a824
_bPOC
245 4 _aThe kings treasuries of literature
_cedited by A.T.Ouiller Couch
260 _aLondon
_bJ.M.Dent
_c1954
300 _a253p
650 _aEnglish essay
700 _aCouch, A.T.Ouiller;ed.
850 _aLCBED
942 _cBK
999 _c29673
_d80152